Регионална библиотека "Любен Каравелов" - Русе

Deutsches Worterbuch (Запис номер 49396)

MARC детайли
000 -Лидер
Контролно поле с фиксирана дължина 00879nam a2200301 c 4500
003 - Код на организацията, давaща контролен номер
Контролно поле BLK
005 - Дата и час на последна редакция
Контролно поле 20240509140207.0
008 - Елементи от данни с фиксирана дължина
fixed length control field 180408b bul|||||r ||||||| ||bul||
010 ## - Наследен системен номер
LC control number KNG00053246000
020 ## - Международен стандартен номер на книга ISBN
Международен стандартен номер на книга ISBN 3-484-10679-4
040 ## - Източник на каталожния запис
Идентификатор на билиотеката - собственик на записа BLK
041 ## - Код за език
Код за езика на текст/звукозапис или на отделно заглавие Немски
Код за езика КДБФ Немски
080 ## - УДК
Текстов определител УДК Немски език (високонемски, стандартен писмен)
УДК код - определител по УДК 811.112.2
УДК определител -321.1(038.1)
УДК - код + определител 811.112.2-321.1(038.1)
100 ## - Редна дума - Автор
R(LIN) 398397
Автор Paul, Hermann
139 ## - Редно поле
Редна дума Paul, Hermann
245 10 - Сведения за заглавието
Заглавие Deutsches Worterbuch
Редно поле (дума) Paul Hermann
250 ## - Област на изданието
Сведения за изданието 9. vollst. neu bearb. Aufl
260 ## - Област на издателските данни
Име на издателя, разпространителя и проч. Niemeyer
Година на издаване 1992
Място на издаване, разпространение и проч. Tubingen
300 ## - Физическа характеристика
Страници XXXIX, 1130 c
Размери/Мащаб 25 cm
380 ## - Жанр
Жанр Езикознание. Филология
852 ## - Местоположение
Форматна сигнатура Цб 187053
856 4# - Електронен адрес и достъп
Електронен формат pdf - файл
856 4# - Електронен адрес и достъп
Електронен формат pdf - файл
942 ## - АРТИКУЛИ
Вид на библиотечния материал Книги
Скрит в OPAC Не
944 ## - СЪЗДАВАНЕ И РЕДАКЦИЯ на ЗАПИСА
Създаване/Редакция Създаване
Дата на регистрацията/редакция 01.01.1999
Служител, извършил регистрацията/редакцията 30556
Статус, дата на статуса Теодора Пейчева-Дянкова
944 ## - СЪЗДАВАНЕ И РЕДАКЦИЯ на ЗАПИСА
Създаване/Редакция Редакция
Дата на регистрацията/редакция 08.02.2017
Служител, извършил регистрацията/редакцията Лили_Борисова
999 ## - СИСТЕМНИ КОНТРОЛНИ НОМЕРА
Koha biblionumber 49396
Koha biblioitemnumber 49396
999 ## - СИСТЕМНИ КОНТРОЛНИ НОМЕРА
Koha biblioitemnumber 49396
Наличности
Код за отписване Код за изгубен артикул Източник на класификационната схема Код за повреда Коз за рестрикции Код за отдаване Артикулен № Име на библиотеката - собственик Име на библиотеката, в която се намира в момента Статус (Текущо местоположение) Дата на вписване в системата Местоположение - отдел Цена в лева Инвентарен номер Систематично азбучна сигнатура Баркод Номер на екземпляра Цена в евро Служебна бележка Служебен тип на артикула
  Не е изгубен Universal Decimal Classification Не е повреден само за читалня ползва се в читалня 77343 Регионална библиотека "Любен Каравелов" Русе Регионална библиотека "Любен Каравелов" Русе Читалня 5 - справочен фонд 2002-01-01 Читалня 5 - справочен фонд 50.00 120000905181 C5 803.0-3(038)/P 33 H 120000905181 1 25.56 Дост: Da Дата: 01.01.1992 Книги
Vip Innovations Ltd, Rousse, Bulgaria 2025